000 00618nam a2200193 a 4500
005 20140412111248.0
008 020515s19uu xx 00 eng d
020 _a0-394-87340-8
050 _aER
_bBe35Ba 1986
100 _aBerenstain, Stan
245 _aBerenstain Bears (The) / :
_cStan & Jan Berenstain.
_bBad habit /
260 _aNew York :
_bRandom House,
_c1986.
300 _a1 v. (unp.) ; ill.
440 _aA First Time Book
520 _aWith the help of her family, Sister Bear breaks her habbit of biting her nails.
650 _aBears
_xFiction
650 _aNail biting
_xFiction
999 _c103027
_d103027